000
00290nam a2200121Ia 4500
008
220204s9999 xx 000 0 und d
082
_a
91(026)
_b
BLI
245
0
_a
Pears guide to today's world
260
_a
London
_b
Pelham
_c
1979
700
_a
Blishen, E
700
_a
Cook, C
942
_c
BK
999
_c
33318
_d
33318